000 00417nam a2200157 4500
001 148265
003 ES-MaACL
005 20230906202526.0
007 t|
008 070214s1972 sp r ||||1| spa d
100 1 _aStone, Pablo.
_9108309
245 1 3 _aLa radio /
_cPablo Stone.
260 _aBarcelona :
_bRodegar,
_c[1972] (
_fBisani)
300 _a122 p., 3 h. ;
_c17 cm.
852 _aES-MaACL
_jC-43905
_bR.83039
999 _c148265
_d148265